000 00956nam a2200277Ia 4500
003 OSt
005 20221005091402.0
006 a|||||r|||| 00| 0
007 ta
008 221004b |||||||| |||| 00| 0 eng d
020 _a9780230000261 (hbk)
_c1924.17
024 _a102927
037 _b3748, 18/03/2010, Bharat Scientific Syndicate
_cTextual
040 _aCRL
_cCRL
_beng
041 _2eng
_aeng
082 _aR4,(X:8), P6
100 _aDolan Simon L.
245 0 _aManaging by value
_b A corporate guide to living, being alive, and making a living in the 21st century
260 _aNew York
_bPalgrave Macmillan U.S.A
_c2006
300 _axxvii,236p.
_ccm.
650 _aPHILOSOPHY
700 _a Garcia Salvador
_9616112
700 _a Richley Bonnie
_9616113
942 _hR4,(X:8), P6
_cTEXL
_2cc
999 _c997188
_d997188